01391naa a22003497a 4500001001000000003000900010005001700019007000300036008003400039040005400073041000900127072001400136090001800150100001600168100001200184100001600196100001900212100002400231111009300255245012700348260004200475500012500517650000900642650001200651650001800663650002100681773012200702909003600824942001400860999001900874952014800893BR7806555BR-BrBNA20240918174232.0ta230509b bl.||||| |||| 00| 0 por d aBR-BrBNAbporcBiblioteca Nacional de Agricultura a(Pt) aQ10b9910 aQ10 BR78065551 aDorfman, E.1 aRoa, G.1 aVilla, L.G.1 aTeixeira, A.A.1 aGarrutti, R. dos S.1 a6. Congresso Brasileiro de Pesquisas CafeeirascRibeirao Preto, SP (Brazil)d24 Oct 19781 aUtilizacao da energia solar complementada com energia eletrica na secagem do cafe em barcacas com circulacao forcada de ar3 aRio de Janeiro, RJ (Brasil): c1978.  aResumos do 6. Congresso Brasileiro de Pesquisas Cafeeiras Rio de Janeiro, RJ (Brasil): 1978. p. 85-96 (BR7806555-AM)Q10  aCAFE aSECAGEM aENERGIA SOLAR aENERGIA ELETRICA0 tResumos do 6. Congresso Brasileiro de Pesquisas CafeeiraswQ10 BR7806555gRio de Janeiro, RJ (Brasil), 1978. p. 85-96 a202404bLuciac55dLucia Elande cAM2AGRIS c309787d309787 002AGRIS40708Acervo Gerala41918b41918cAgrobasel0oP36 BR8804916r2024-05-20t01yAM10d2024-04-11ePortaria Interministerial nÂș 164/94